Statistiques concernant Chaise musicale

Cliquez ici pour prendre le quiz!

Statistiques générales

  • Ce quiz a été pris 7 fois
  • Le résultat moyen est 12 sur 14

Statistiques - réponses

% Correct
honolulu
100%
avignon
100%
bangkok
100%
manchester
100%
amsterdam
100%
dubaï
100%
barcelone
100%
são paulo
100%
abou dhabi
100%
acapulco
100%
miami
100%
copenhague
60%
monaco
40%
tchernobyl
40%

Distribution des résultats

Percentile by Number Answered

% des personnes avec chaque résultat

Votre développement - résultats

Vous n’avez pas pris ce quiz